In which country does the movie take place?: PIXAR - Statistics

General Stats
  • This quiz has been taken 83 times
  • The average score is 18 of 20
Answer Stats
Movie Country % Correct
Cars United States
99%
The Incredibles United States
95%
Ratatouille France
93%
Up United States/Venezuela
93%
Cars 2 Japan/Germany/Italy/France/United Kingdom/United States
92%
A Bug's Life United States
92%
Toy Story United States
92%
Soul United States
92%
Inside Out United States
92%
Toy Story 2 United States
92%
Toy Story 3 United States
92%
Toy Story 4 United States
92%
The Incredibles 2 United States
92%
Cars 3 United States
92%
Finding Dory Australia/United States
90%
Coco Mexico
90%
A Good Dinosaur United States
90%
Finding Nemo Australia
89%
Brave United Kingdom/Scotland
86%
Luca Italy
82%
No matching quizzes found
Score Distribution
Percent of People with Each Score
Percentile by Number Answered
Your Score History
You have not taken this quiz